Normal view
MARC view
Entry Personal Name
001 - CONTROL NUMBER
- control field: 20493
003 - CONTROL NUMBER IDENTIFIER
- control field: ARRUPE
005 - DATE AND TIME OF LATEST TRANSACTION
- control field: 20151024121948.0
008 - FIXED-LENGTH DATA ELEMENTS
- fixed length control field: 151024|| aca||aabn | a|a d
040 ## - CATALOGING SOURCE
- Original cataloging agency: ARRUPE
- Transcribing agency: ARRUPE
100 ## - HEADING--PERSONAL NAME
- Personal name: Shackleton Bailey, D. R.
- Fuller form of name: (David Roy),
- Dates associated with a name: 1917-2005.
670 ## - SOURCE DATA FOUND
- Source citation: Work cat.: (ARRUPE)0: Cicero, Marcus Tullius. 20486, Cicero's Letters to Atticus /, 1978.